000 00694nam a2200241Ia 4500
005 20260121112947.0
008 10181 260114s9999 xx 000 0 eng d
020 _a9789814529624
037 _aEBOOK
040 _aCRL
_beng
_cCRL
041 _aeng
_2eng
084 _qCRL
100 _aKim D Et Al
_9965984
245 0 _aDynamics of Fluctuating Interfaces and Related Phenomena: Proceedings of the 4Th Ctp Workshop on Statistical
260 _bWorld Scientific
260 _bWSPC
260 _c1997
650 _aPhysics
_9965985
856 _uhttps://www.worldscientific.com/worldscibooks/10.1142/3501#t=toc
942 _cEBOOK
999 _c1547481
_d1547481